Introduction to post-Keynesian economics (Registro nro. 2446)
[ vista simple ]
| 000 -LEADER | |
|---|---|
| fixed length control field | 00945 a2200229 4500 |
| 001 - CONTROL NUMBER | |
| control field | 34440 |
| 005 - DATE AND TIME OF LATEST TRANSACTION | |
| control field | 20260407155631.0 |
| 008 - FIXED-LENGTH DATA ELEMENTS--GENERAL INFORMATION | |
| fixed length control field | 260407a2009 arg spa d |
| 003 - CONTROL NUMBER IDENTIFIER | |
| control field | AR-UNSa-BCEJYS |
| 040 ## - CATALOGING SOURCE | |
| Original cataloging agency | AR-UNSa-BCEJYS |
| Language of cataloging | spa |
| Transcribing agency | AR-UNSa-BCEJYS |
| 080 ## - UNIVERSAL DECIMAL CLASSIFICATION NUMBER | |
| Universal Decimal Classification number | 330.834 |
| Common auxiliary subdivision | Keynes y el keynesianismo. Neokeynesianismo. Poskeynesianismo |
| 020 ## - INTERNATIONAL STANDARD BOOK NUMBER | |
| International Standard Book Number | 978-0-230-22921-1 |
| 041 ## - LANGUAGE CODE | |
| Language code of text/sound track or separate title | spa |
| 100 1# - MAIN ENTRY--PERSONAL NAME | |
| Personal name | Lavoie, Marc |
| 245 10 - TITLE STATEMENT | |
| Title | Introduction to post-Keynesian economics |
| 264 #1 - PRODUCTION, PUBLICATION, DISTRIBUTION, MANUFACTURE, AND COPYRIGHT NOTICE | |
| Place of production, publication, distribution, manufacture | New York : |
| Name of producer, publisher, distributor, manufacturer | Palgrave Macmillan |
| Date of production, publication, distribution, manufacture, or copyright notice | 2009 |
| 300 ## - PHYSICAL DESCRIPTION | |
| Extent | xiv, 164 p. |
| Dimensions | 21 cm. |
| 505 ## - FORMATTED CONTENTS NOTE | |
| Formatted contents note | 1. Post-Keynesian Heterodoxy - 2. Heterodox microeconomics - 3. A macroeconomic monetary circuit - 4. The short period: effective demand and the labour market - 5. The long period: old and New Growth models |
| 590 ## - LOCAL NOTE (RLIN) | |
| Local note | niveau_biblio:m niveau_hierar:0 |
| 856 41 - ELECTRONIC LOCATION AND ACCESS | |
| Uniform Resource Identifier | <a href="https://biblioeco.unsa.edu.ar/pmb/images/libros/L125467.jpg">https://biblioeco.unsa.edu.ar/pmb/images/libros/L125467.jpg</a> |
| Link text | Imagen de portada |
| Electronic format type | image/jpeg |
| 942 ## - ADDED ENTRY ELEMENTS (KOHA) | |
| Koha item type | |
| Withdrawn status | Lost status | Damaged status | Not for loan | Home library | Current library | Shelving location | Date acquired | Total checkouts | Full call number | Barcode | Date last seen | Price effective from | Koha item type |
|---|---|---|---|---|---|---|---|---|---|---|---|---|---|
| Biblioteca Prof. Eusebio Cleto del Rey | Biblioteca Prof. Eusebio Cleto del Rey | 07/04/2026 | 330.834 L414 | L125467 | 07/04/2026 | 07/04/2026 | Libro |